Recomendaciones para la reformulación de políticas de incorporación de las TIC a la educación básica en México : desafíos y decisiones estratégicas.

Gardado en:
Detalles Bibliográficos
Autor Principal: Santiago Benítez, Gisela (autor)
Outros autores: Sosa Sánchez, Norma Sherezada, coaut (autor) coaut, (autor)
Formato: Desconocido
Idioma:Lingua castelá
Temas:
Acceso en liña:Ver documento en línea
Etiquetas: Engadir etiqueta
Sen Etiquetas, Sexa o primeiro en etiquetar este rexistro!

MARC

LEADER 00000c**#a2200000ua#4500
001 000525118
003 DLC
005 20260417000000.0
008 070831c^^^^9999^^^^r1^^^^^^^^0^^^^0spa^d
009 20260417115010.164
022 |a 01851284 
035 |a FCE 000069363 
037 |a Acervo ITESO - Biblioteca 
041 |a spa 
095 |a RLEE  |b 12-4-15 
100 |a Santiago Benítez, Gisela  |e (autor) 
245 1 0 |a Recomendaciones para la reformulación de políticas de incorporación de las TIC a la educación básica en México :  |b desafíos y decisiones estratégicas. 
264 |a México :  |b Centro de Estudios Educativos,  |c 2012. 
336 |a texto  |b txt  |2 rdacontenido 
337 |a sin mediación  |b n  |2 rdamedio 
338 |a volumen  |b nc  |2 rdasoporte 
649 |a XX 
650 |a Educación básica 
650 |a Desafíos educativos 
650 |a Propuestas educativas 
650 |a Política educativa 
650 |a Estrategias educativas 
650 |a Tecnologías de la información y la comunicación (TIC) 
650 |a México 
740 |g vol. 42, no. 4, 2012, pp. 15-31  |t Revista Latinoamericana de Estudios Educativos. Para la Agenda Educativa, 
700 |a Sosa Sánchez, Norma Sherezada,  |e coaut  |e (autor) 
856 4 0 |u https://www.cee.edu.mx/rlee/revista/r2011_2020/r_texto/t_2012_4_02.pdf  |y Ver documento en línea 
910 |a Fondo Centro de Estudios Educativos 
920 |a Impresos - Libros 
930 |a Fondos Especiales 
905 |a 133 
902 |a https://opac.biblio.iteso.mx/vufind/Record/000525118